[Event "Florianopolis op 10th"]
[Site "Florianopolis"]
[Date "2024.01.22"]
[Round "3"]
[White "Menezes, Jose Eduardo C"]
[Black "Caetano, Heitor Luiz"]
[Result "1-0"]
[WhiteElo "1813"]
[BlackElo "1431"]
[PlyCount "35"]
[EventDate "2024.01.20"]
[EventType "swiss"]
[EventRounds "10"]
[EventCountry "BRA"]
[SourceTitle "CB05_2024"]
[SourceDate "2024.01.31"]
[SourceVersion "1"]
[SourceVersionDate "2024.01.31"]
[SourceQuality "1"]

1. e4 c6 2. d4 d5 3. Nc3 dxe4 4. Nxe4 Nd7 5. Qe2 Ndf6 6. c3 Nxe4 7. Qxe4 Nf6 8. Qd3 g6 9. Nf3 Bf5 10. Qd1 Bg7 11. Bc4 Bg4 12. Bxf7+ Kxf7 13. Ne5+ Ke8 14. Nxg4 Rf8 15. 0-0 Kf7 16. Qb3+ Qd5 17. Ne5+ Kg8 18. Qxb7 1-0

[Event "Sao Paulo op"]
[Site "Sao Paulo"]
[Date "2023.06.24"]
[Round "4"]
[White "Caetano, Heitor Luiz"]
[Black "De Freitas, Rames Fialho"]
[Result "0-1"]
[WhiteElo "1785"]
[BlackElo "1808"]
[PlyCount "54"]
[EventDate "2023.06.23"]
[EventType "swiss"]
[EventRounds "6"]
[EventCountry "BRA"]
[SourceTitle "CBM 214 Extra"]
[Source "ChessBase"]
[SourceDate "2023.07.31"]
[SourceVersion "1"]
[SourceVersionDate "2023.07.31"]
[SourceQuality "1"]

1. e4 e6 2. Nf3 d5 3. exd5 exd5 4. d4 Nf6 5. Be2 Bd6 6. Nc3 0-0 7. Bg5 c6 8. 0-0 Bg4 9. Qd3 Nbd7 10. h3 Bxf3 11. Qxf3 Qb6 12. Qd3 Rfe8 13. Rfe1 h6 14. Bd2 Nf8 15. Rab1 Rad8 16. a3 Ne6 17. Be3 Bb8 18. Bf1 Qc7 19. g3 Qd7 20. Ne2 Ne4 21. Bg2 f5 22. Nc3 g5 23. Qe2 Qg7 24. Rbd1 f4 25. gxf4 gxf4 26. Kh1 fxe3 27. Qxe3 Bf4 0-1

[Event "Sao Paulo op"]
[Site "Sao Paulo"]
[Date "2023.06.23"]
[Round "1"]
[White "Casarin, Luis Marcio Pinhatt"]
[Black "Caetano, Heitor Luiz"]
[Result "1-0"]
[WhiteElo "1806"]
[BlackElo "1785"]
[PlyCount "43"]
[EventDate "2023.06.23"]
[EventType "swiss"]
[EventRounds "6"]
[EventCountry "BRA"]
[SourceTitle "CBM 214 Extra"]
[Source "ChessBase"]
[SourceDate "2023.07.31"]
[SourceVersion "1"]
[SourceVersionDate "2023.07.31"]
[SourceQuality "1"]

1. Nf3 d5 2. d4 Nf6 3. c4 e6 4. e3 c5 5. Bd3 Nc6 6. 0-0 Bd6 7. Nc3 cxd4 8. exd4 b6 9. Bg5 Be7 10. Rc1 Ba6 11. Qa4 Bb7 12. cxd5 exd5 13. Bb5 Qd6 14. Ne5 0-0 15. Nxc6 a6 16. Nxe7+ Qxe7 17. Bd3 h6 18. Bh4 Qd6 19. Bg3 Qd7 20. Ne2 b5 21. Qd1 Ra7 22. Bc7 1-0

[Event "Mogi Guacu City-ch 3rd"]
[Site "Mogi Guacu"]
[Date "2023.03.18"]
[Round "5"]
[White "Caetano, Heitor Luiz"]
[Black "Dos Santos, Joao Francisco"]
[Result "1/2-1/2"]
[WhiteElo "1805"]
[BlackElo "1638"]
[PlyCount "67"]
[EventDate "2023.03.17"]
[EventType "tourn"]
[EventRounds "9"]
[EventCountry "BRA"]
[SourceTitle "CBM 213 Extra"]
[Source "ChessBase"]
[SourceDate "2023.05.31"]
[SourceVersion "1"]
[SourceVersionDate "2023.05.31"]
[SourceQuality "1"]

1. e4 c5 2. Nf3 d6 3. Bc4 Nf6 4. Qe2 Nc6 5. h3 e6 6. c3 Be7 7. Bb5 Bd7 8. 0-0 0-0 9. Bxc6 Bxc6 10. e5 Nd5 11. d4 cxd4 12. cxd4 Qb6 13. Rd1 Nb4 14. Nc3 d5 15. Nh2 Bd7 16. Qg4 f5 17. Qg3 Nc2 18. Bh6 Rf7 19. Rac1 Nxd4 20. Be3 Bc5 21. Qf4 Nb5 22. Nxb5 Bxe3 23. Qxe3 Qxe3 24. fxe3 Bxb5 25. Rc5 Bc6 26. b4 a6 27. Nf3 f4 28. exf4 Rxf4 29. Nd4 Ba4 30. Nxe6 Re4 31. Rc7 Rxe5 32. Rxg7+ Kh8 33. Rf1 Rxe6 34. Rff7 1/2-1/2

[Event "Mogi Guacu City-ch 3rd"]
[Site "Mogi Guacu"]
[Date "2023.03.17"]
[Round "1"]
[White "Caetano, Heitor Luiz"]
[Black "Sanchez, Ivan Roberto"]
[Result "0-1"]
[WhiteElo "1805"]
[BlackElo "1730"]
[PlyCount "86"]
[EventDate "2023.03.17"]
[EventType "tourn"]
[EventRounds "9"]
[EventCountry "BRA"]
[SourceTitle "CBM 213 Extra"]
[Source "ChessBase"]
[SourceDate "2023.05.31"]
[SourceVersion "1"]
[SourceVersionDate "2023.05.31"]
[SourceQuality "1"]

1. e4 c5 2. Nf3 e6 3. c3 Nc6 4. Bb5 Qb6 5. Ba4 g6 6. 0-0 Bg7 7. Na3 Nge7 8. Nc4 Qc7 9. Bb3 0-0 10. d4 cxd4 11. cxd4 d5 12. exd5 Nxd5 13. Re1 b5 14. Nce5 Bb7 15. Bxd5 exd5 16. Bf4 Qd8 17. Qd3 a6 18. Re2 Ne7 19. Rae1 Nf5 20. g4 Nd6 21. Qd2 Ne4 22. Qc1 Rc8 23. Qe3 Re8 24. Nd2 f6 25. Nxe4 fxe5 26. Bg5 exd4 27. Qd2 Qd7 28. Ng3 Rxe2 29. Qxe2 d3 30. Qxd3 Qxg4 31. Bd2 Qc4 32. Qe3 d4 33. Qe7 Qc6 34. f3 Bf6 35. Qe6+ Qxe6 36. Rxe6 Kf7 37. Rb6 Rc7 38. Ne4 Bxe4 39. fxe4 Rc2 40. Bb4 Rxb2 41. Rb7+ Ke8 42. Bc5 Rxa2 43. Rb8+ Kd7 0-1

[Event "Mogi Guacu op"]
[Site "Mogi Guacu"]
[Date "2022.09.25"]
[Round "5"]
[White "De Oliveira Neto, Jose Xavier"]
[Black "Caetano, Heitor Luiz"]
[Result "1-0"]
[WhiteElo "1800"]
[BlackElo "1800"]
[PlyCount "48"]
[EventDate "2022.09.23"]
[EventType "swiss"]
[EventRounds "6"]
[EventCountry "BRA"]
[SourceTitle "EXT 2023"]
[Source "ChessBase"]
[SourceDate "2022.10.05"]
[SourceVersion "1"]
[SourceVersionDate "2022.10.05"]
[SourceQuality "1"]

1. e4 e5 2. f4 exf4 3. Bc4 Nf6 4. d3 Bb4+ 5. c3 Bc5 6. Bxf4 Nc6 7. d4 Bb6 8. e5 Ne4 9. Qf3 d5 10. exd6 0-0 11. dxc7 Qe7 12. Ne2 Re8 13. Nd2 Nf6 14. 0-0-0 Bxc7 15. Bg5 Be6 16. Bxf6 gxf6 17. Bd3 f5 18. Ng3 Bxg3 19. Qxg3+ Kh8 20. Rde1 Rg8 21. Qf3 Qg5 22. g3 Rad8 23. Qe3 Qf6 24. Rhf1 Rg5 1-0

[Event "Mogi Guacu op"]
[Site "Mogi Guacu"]
[Date "2022.09.24"]
[Round "2"]
[White "Caetano, Heitor Luiz"]
[Black "Escanavaqui Torriani, Joao Pedro"]
[Result "1-0"]
[WhiteElo "1800"]
[BlackElo "1800"]
[PlyCount "55"]
[EventDate "2022.09.23"]
[EventType "swiss"]
[EventRounds "6"]
[EventCountry "BRA"]
[SourceTitle "EXT 2023"]
[Source "ChessBase"]
[SourceDate "2022.10.05"]
[SourceVersion "1"]
[SourceVersionDate "2022.10.05"]
[SourceQuality "1"]

1. e4 c5 2. Nf3 d6 3. Bc4 e6 4. d3 Nf6 5. Bg5 Be7 6. Nbd2 Nc6 7. 0-0 0-0 8. Re1 a6 9. a3 b5 10. Ba2 e5 11. h3 Bd7 12. Nf1 h6 13. Bh4 b4 14. axb4 Nxb4 15. Bc4 Be6 16. N1d2 Qc8 17. Bxe6 Qxe6 18. Nc4 Nd7 19. Bxe7 Qxe7 20. c3 Nc6 21. d4 exd4 22. cxd4 cxd4 23. Nxd4 Nxd4 24. Qxd4 Rac8 25. Nxd6 Rc6 26. Nf5 Qg5 27. Qxd7 Qg6 28. Ne7+ 1-0

[Event "Mogi Guacu op"]
[Site "Mogi Guacu"]
[Date "2022.04.29"]
[Round "1"]
[White "Da Silva, Anderson Rodrigues"]
[Black "Caetano, Heitor Luiz"]
[Result "1-0"]
[WhiteElo "1777"]
[BlackElo "1801"]
[PlyCount "61"]
[EventDate "2022.04.29"]
[EventType "swiss"]
[EventRounds "6"]
[EventCountry "BRA"]
[SourceTitle "CBM 208 Extra"]
[Source "ChessBase"]
[SourceDate "2022.07.31"]
[SourceVersion "1"]
[SourceVersionDate "2022.07.31"]
[SourceQuality "1"]

1. e4 e5 2. Nf3 Nc6 3. Bc4 h6 4. Nc3 b6 5. 0-0 Bb7 6. d4 exd4 7. Nxd4 Nxd4 8. Qxd4 Nf6 9. Re1 Bc5 10. Qe5+ Be7 11. Bf4 0-0 12. Qxc7 Qxc7 13. Bxc7 Rac8 14. e5 Rxc7 15. exf6 Bxf6 16. Bb3 Rd8 17. Rab1 d5 18. Nb5 Rc5 19. a4 a6 20. Na3 b5 21. axb5 axb5 22. c3 d4 23. c4 b4 24. Nc2 d3 25. Nxb4 Bxb2 26. Rxb2 d2 27. Rd1 Ra5 28. Rbxd2 Rxd2 29. Rxd2 Ra3 30. Bc2 g6 31. h3 1-0